• 首页
  • 本馆介绍
  • 公告通知
  • 最新文献
  • 馆藏检索
  • 电子资源
  • 读者导购
  • 参考咨询
  • 我的图书馆
  • 登录
  • 详细信息显示
  • 放入我的书架
  • 预约/预借图书
  • 作者相关作品
  • 分类相关作品
  • 丛书相关作品
  • 出版社相关作品

书目信息

  • 表格格式
  • 工作单格式
  • 卡片格式
题名:
煤炭利用研究
    
 
作者: ;凌璧君 , 高洁健 译 ;麻省理工学院 著
分册:  
出版信息: 上海   上海科学技术出版社  2013.01
页数: 183页
开本: 26cm
丛书名:
单 册:
中图分类: TD849
科图分类:
主题词: 煤炭利用--研究 , 煤炭利用
电子资源:
ISBN: 978-7-5478-1551-9
000 01087nam0 2200289 450
001 006457443
005 20130701094013.60
010    @a978-7-5478-1551-9@b精装@dCNY58.00
100    @a20130129d2013 em y0chiy0110 ea
101 1  @achi@ceng
102    @aCN@b310000
105    @ay z 000yy
106    @ar
200 1  @a煤炭利用研究@9mei tan li yong yan jiu@dThe future of coal options for a carbon-constrained world@f麻省理工学院(MIT)著@zeng@g凌璧君,高洁健译
210    @a上海@c上海科学技术出版社@d2013.01
215    @a183页@d26cm
300    @a“十二五”国家重点图书出版规划项目
330    @a本书共分八章,主要内容包括:研究目的、煤炭在能源增长与二氧化碳排放领域的作用、煤基发电、碳的地质封存、中国和印度的煤炭消耗等。
510 1  @aFuture of coal options for a carbon-constrained world@zeng
606 0  @a煤炭利用@x研究
606 0  @a煤炭利用
690    @aTD849@v5
702  0 @a凌璧君@9ling bi jun@4译
702  0 @a高洁健@9gao jie jian@4译
711 02 @c(美)@a麻省理工学院@9ma sheng li gong xue yuan@4著
801  0 @aCN@bNLC@c20130226
905    @b545000-03@dTD849@e28@f4
    
    煤炭利用研究=The future of coal options for a carbon-constrained world/麻省理工学院(MIT)著/凌璧君,高洁健译.-上海:上海科学技术出版社,2013.01
    183页;26cm
    “十二五”国家重点图书出版规划项目
    
    ISBN 978-7-5478-1551-9(精装):CNY58.00
    本书共分八章,主要内容包括:研究目的、煤炭在能源增长与二氧化碳排放领域的作用、煤基发电、碳的地质封存、中国和印度的煤炭消耗等。
●
相关链接 在E读中查询图书 在五车中查询图书 在当当中查询图书 在豆瓣中查询图书


正题名:煤炭利用研究     索取号:TD849/28         预约/预借

序号 登录号 条形码 馆藏地/架位号 状态 备注
1 545000   205450000   第二样本阅览室/ [索取号:TD849/28] 在馆    
2 545001   205450019   第三借阅区/ [索取号:TD849/28] 在馆    
3 545002   205450028   第三借阅区/ [索取号:TD849/28] 在馆    
4 545003   205450037   密集书库-化学系/ [索取号:TD849/28] 在馆    
唐山师范学院图书馆 欢迎您!
大连网信软件有限公司© 版权所有